Phân tích các nhân tố ảnh hưởng đến cấu trúc vốn của các doanh nghiệp thủy sản đang niêm yết trên thị trường chứng khoán Việt Nam : Luận văn thạc sĩ. Chuyên ngành Tài chính Ngân hàng

Phân tích các nhân tố ảnh hưởng đến cấu trúc vốn của các doanh nghiệp thủy sản đang niêm yết trên thị trường chứng khoán Việt Nam, và những ảnh hưởng của cấu trúc vốn đến hoạt động kinh doanh đồng thời đề xuất một số giải pháp hoàn...

Celý popis

Uloženo v:
Podrobná bibliografie
Hlavní autor: Đỗ, Thị Huyền Thanh
Médium: Kniha
Jazyk:Undetermined
Vydáno: Cần Thơ Trường Đại học Cần Thơ 2016
Témata:
Tagy: Přidat tag
Žádné tagy, Buďte první, kdo otaguje tento záznam!
Thư viện lưu trữ: Trung tâm Học liệu Trường Đại học Cần Thơ
LEADER 01444nam a2200217Ia 4500
001 CTU_212230
008 210402s9999 xx 000 0 und d
082 |a 332.6322 
082 |b Th107 
088 |a 60340201 
100 |a Đỗ, Thị Huyền Thanh 
245 0 |a Phân tích các nhân tố ảnh hưởng đến cấu trúc vốn của các doanh nghiệp thủy sản đang niêm yết trên thị trường chứng khoán Việt Nam : 
245 0 |b Luận văn thạc sĩ. Chuyên ngành Tài chính Ngân hàng 
245 0 |c Đỗ Thị Huyền Thanh ; Nguyễn Thiện Phong (Hướng dẫn khoa học) 
260 |a Cần Thơ 
260 |b Trường Đại học Cần Thơ 
260 |c 2016 
520 |a Phân tích các nhân tố ảnh hưởng đến cấu trúc vốn của các doanh nghiệp thủy sản đang niêm yết trên thị trường chứng khoán Việt Nam, và những ảnh hưởng của cấu trúc vốn đến hoạt động kinh doanh đồng thời đề xuất một số giải pháp hoàn thiện cấu trúc vốn để nâng cao hiệu quả hoạt động kinh doanh cho các công ty thủy sản 
650 |a Thị trường chứng khoán,Stock exchanges 
904 |i Nguyên 
980 |a Trung tâm Học liệu Trường Đại học Cần Thơ